American Law Firms in Transition Trends, Threats and Strategies /

Detalles Bibliográficos
Autor principal: Kiser, Randall
Formato: eBook
Lenguaje:inglés
Publicado: Chicago: American Bar Association, 2019
Materias:
Acceso en línea:Acceso restringido

MARC

LEADER 00000nam a22000007a 4500
005 20210224201540.0
007 cr|||| ||||
008 210224s2019 us |||||s|||| 00||0 eng d
020 |a 9781641053853 
035 |a 31208 
040 |a vLex 
090 |c 11239  |d 11239 
100 1 |a Kiser, Randall 
245 1 0 |a American Law Firms in Transition  |h [Recurso electrn̤ico] :  |b Trends, Threats and Strategies /  |c Randall Kiser 
256 |a Servicio en ln̕ea 
260 |a Chicago:  |b American Bar Association,  |c 2019 
300 |a 1 recurso electrn̤ico 
500 |a American Law Firms: Trends, Threats and Strategies takes a sweeping, incisive view of law firms' uneven progress after the Great Recession and analyzes the five elements that will determine their success or failure in the next decade: culture, character, practices, systems and leaders. Studying every critical aspect of law firms from income trends to attorney attrition rates and from gender bias to leadership development, this book shows how law firms have struggled to adapt to rapidly changing conditions – clients’ “more for less” demands, the expansion of corporate legal departments, demographic changes in the legal workforce, and technological innovations transforming law practices. Through its careful analysis of law firms’ evolving role in the legal services industry, the book guides attorneys, law students, and law firm leaders in developing new, evidence-based perspectives, practices, and strategies. 
506 1 |a Disponible solo en los productos indicados  |d vLex Global  |d vLex Global (Academic Edition, excluding Law Schools)  |d vLex Global (Academic Edition, Law Schools) 
650 0 4 |a Abogados  |z Estados Unidos 
740 0 |a vLex Libros (Servicio en ln̕ea) 
856 4 0 |u http://vlex.com/source/american-law-firms-in-transition-trends-threats-and-strategies-31208  |z Acceso restringido 
942 |c BOOK 
999 0 |a Lawyers